| 000 | 00346nam a2200133Ia 4500 | ||
|---|---|---|---|
| 008 | 190216s9999||||xx |||||||||||||| ||und|| | ||
| 100 | _aAlbert Paul Malvino & Jerald A Brown | ||
| 245 | 0 | _aDigital Computer Electronics | |
| 250 | _a4th Ed. | ||
| 260 |
_bTata Mcgrawhill Publishers _c1997 |
||
| 300 | _a522 | ||
| 650 | _aPhysics | ||
| 942 | _cBK | ||
| 999 |
_c33346 _d33346 |
||